[Event "CRO-chT2 West"]
[Site "Rijeka"]
[Date "2020.10.25"]
[Round "8.2"]
[White "Orenda, Omar"]
[Black "Dizdarevic, Mirsad"]
[Result "1-0"]
[WhiteElo "2134"]
[BlackElo "1792"]
[PlyCount "67"]
[EventDate "2020.09.12"]
[EventType "team-tourn"]
[EventRounds "9"]
[EventCountry "CRO"]
[SourceTitle "EXT 2022"]
[Source "ChessBase"]
[SourceDate "2021.10.06"]
[SourceVersion "1"]
[SourceVersionDate "2021.10.06"]
[SourceQuality "1"]
[WhiteTeam "Rijeka II"]
[BlackTeam "Drazice Rjecina"]
[WhiteTeamCountry "CRO"]
[BlackTeamCountry "CRO"]

1. d4 Nf6 2. c4 c5 3. d5 e6 4. Nc3 exd5 5. cxd5 d6 6. e4 g6 7. f4 a6 8. a4 Bg7 9. Nf3 0-0 10. Be2 Re8 11. Nd2 b6 12. 0-0 Nbd7 13. Bf3 Rb8 14. Nc4 Qc7 15. e5 dxe5 16. d6 Qd8 17. fxe5 Nxe5 18. Nxe5 Rxe5 19. Bf4 Rf5 20. Qd2 Nh5 21. Be3 Re5 22. Rad1 Bd7 23. g4 Qe8 24. Bd5 Nf6 25. Bg5 Nxd5 26. Nxd5 Qe6 27. h3 Re2 28. Qf4 Bd4+ 29. Rxd4 cxd4 30. Nf6+ Kh8 31. Nxd7 Rc8 32. Qxd4+ Kg8 33. Nf6+ Kg7 34. Ne8+ 1-0

[Event "CRO-chT2 West"]
[Site "Rijeka"]
[Date "2020.10.11"]
[Round "5.5"]
[White "Starcevic, Andrea"]
[Black "Dizdarevic, Mirsad"]
[Result "1-0"]
[WhiteElo "1894"]
[BlackElo "1792"]
[PlyCount "131"]
[EventDate "2020.09.12"]
[EventType "team-tourn"]
[EventRounds "9"]
[EventCountry "CRO"]
[SourceTitle "EXT 2022"]
[Source "ChessBase"]
[SourceDate "2021.10.06"]
[SourceVersion "1"]
[SourceVersionDate "2021.10.06"]
[SourceQuality "1"]
[WhiteTeam "Ravna Gora Goranka"]
[BlackTeam "Drazice Rjecina"]
[WhiteTeamCountry "CRO"]
[BlackTeamCountry "CRO"]

1. c4 Nf6 2. Nc3 e5 3. g3 Be7 4. Bg2 0-0 5. e3 c6 6. d4 d6 7. Nge2 Be6 8. d5 cxd5 9. cxd5 Bd7 10. 0-0 Na6 11. a3 b5 12. b4 Qb6 13. Bb2 Nc7 14. Qd3 a5 15. Rfb1 axb4 16. axb4 Rxa1 17. Rxa1 Na6 18. Na2 Rc8 19. Nec1 Rc4 20. Bc3 Bc8 21. Nb3 Nb8 22. Na5 Rc7 23. Bb2 Bd7 24. Rd1 Na6 25. Qb3 Bf5 26. Nc3 Nb8 27. Bf1 Bd7 28. Qc2 Na6 29. Ba3 Rc8 30. Qd3 Nc7 31. Rc1 Ra8 32. Bb2 Rb8 33. e4 Ng4 34. Qf3 Nh6 35. Nc6 Bxc6 36. dxc6 Bg5 37. Nd5 Nxd5 38. exd5 Bxc1 39. Bxc1 Qd8 40. Bxh6 gxh6 41. Bd3 Qe7 42. Bf5 Ra8 43. Qd3 Rb8 44. Bxh7+ Kg7 45. Bf5 Qd8 46. Qf3 Ra8 47. Qg4+ Kh8 48. Qh5 Kg7 49. Bd3 Ra2 50. Qf5 Qb6 51. Qh7+ Kf8 52. Qxh6+ Ke8 53. Qh8+ Ke7 54. Qh4+ Ke8 55. Qf6 Rd2 56. Be4 Qd4 57. Bg2 Rd1+ 58. Bf1 Qxd5 59. c7 Rxf1+ 60. Kxf1 Qc4+ 61. Kg1 Qxc7 62. h4 Qc1+ 63. Kh2 Qd2 64. h5 Qxb4 65. h6 Qg4 66. h7 1-0

[Event "CRO-chT2 West"]
[Site "Rijeka"]
[Date "2020.09.12"]
[Round "1.5"]
[White "Pavic, Ivica"]
[Black "Dizdarevic, Mirsad"]
[Result "0-1"]
[WhiteElo "1770"]
[BlackElo "1792"]
[PlyCount "84"]
[EventDate "2020.09.12"]
[EventType "team-tourn"]
[EventRounds "9"]
[EventCountry "CRO"]
[SourceTitle "EXT 2022"]
[Source "ChessBase"]
[SourceDate "2021.10.06"]
[SourceVersion "1"]
[SourceVersionDate "2021.10.06"]
[SourceQuality "1"]
[WhiteTeam "Rovinj Batana"]
[BlackTeam "Drazice Rjecina"]
[WhiteTeamCountry "CRO"]
[BlackTeamCountry "CRO"]

1. d4 Nf6 2. Bf4 d5 3. e3 g6 4. h3 Bg7 5. Nf3 0-0 6. Be2 Nc6 7. c3 Re8 8. 0-0 Ne4 9. Nbd2 f6 10. Nxe4 dxe4 11. Nd2 f5 12. Bb5 Bd7 13. Ba4 e5 14. Bh2 Kh8 15. Qc2 exd4 16. cxd4 Rc8 17. a3 Ne7 18. b4 Nd5 19. Bb3 Be6 20. Rac1 Re7 21. Nc4 Qg8 22. Nd2 a6 23. Qb1 Nb6 24. Rc2 Bxb3 25. Qxb3 Qxb3 26. Nxb3 Nd5 27. Nc5 c6 28. Rfc1 Ra8 29. Nb3 Kg8 30. Kf1 Bh6 31. g3 g5 32. h4 gxh4 33. gxh4 f4 34. exf4 Rf8 35. Re1 Bxf4 36. Bxf4 Rxf4 37. Nc5 e3 38. Nd3 Rxd4 39. Nc1 Rxh4 40. f3 Rh1+ 41. Ke2 Nf4+ 42. Kd1 Rd7+ 0-1

[Event "Rijeka Paris Memorial 39th"]
[Site "Rijeka"]
[Date "2018.11.03"]
[Round "2"]
[White "Podobnik, Eugen"]
[Black "Dizdarevic, Mirsad"]
[Result "1/2-1/2"]
[WhiteElo "1483"]
[BlackElo "1813"]
[PlyCount "47"]
[EventDate "2018.11.02"]
[EventType "swiss"]
[EventRounds "9"]
[EventCountry "CRO"]
[SourceTitle "CBM 187 Extra"]
[Source "ChessBase"]
[SourceDate "2018.11.04"]
[SourceVersion "1"]
[SourceVersionDate "2018.11.04"]
[SourceQuality "1"]

1. e4 g6 2. d4 Bg7 3. Nf3 d6 4. Bc4 Nf6 5. Nc3 0-0 6. Be3 Nc6 7. h3 e5 8. dxe5 Nxe5 9. Nxe5 dxe5 10. Qxd8 Rxd8 11. f3 c6 12. g4 b5 13. Bb3 Bb7 14. Ke2 Nd7 15. Rad1 Nb6 16. Bxb6 axb6 17. Rxd8+ Rxd8 18. Rd1 Rxd1 19. Kxd1 Kf8 20. Ke2 g5 21. Ke3 h6 22. Ne2 Ke7 23. Ng3 Bf8 24. Nf5+ 1/2-1/2

[Event "Rijeka Paris Memorial 38th"]
[Site "Rijeka"]
[Date "2017.11.08"]
[Round "6"]
[White "Dizdarevic, Mirsad"]
[Black "Sandalic, Josip"]
[Result "1-0"]
[WhiteElo "1818"]
[BlackElo "1846"]
[PlyCount "107"]
[EventDate "2017.11.04"]
[EventType "swiss"]
[EventRounds "9"]
[EventCountry "CRO"]
[SourceTitle "CBM 181 Extra"]
[Source "ChessBase"]
[SourceDate "2017.12.12"]
[SourceVersion "1"]
[SourceVersionDate "2017.12.12"]
[SourceQuality "1"]

1. d4 Nf6 2. Nf3 g6 3. g3 d5 4. Bg2 Bg7 5. 0-0 0-0 6. Nbd2 b6 7. Re1 Bb7 8. c3 c5 9. Nb3 Nbd7 10. Bf4 Rc8 11. Ne5 Nh5 12. Nxd7 Qxd7 13. Be3 cxd4 14. Bxd4 e5 15. Be3 f5 16. Bc1 Rcd8 17. Bg5 Rc8 18. h3 h6 19. Bd2 f4 20. gxf4 Nxf4 21. Bxf4 Rxf4 22. Qd3 Rcf8 23. Rad1 e4 24. Bxe4 Rxf2 25. Bf3 R2xf3 26. exf3 Qxh3 27. Qf1 Qh5 28. Re3 Be5 29. Qe2 Rf5 30. f4 Qxe2 31. Rxe2 Bxf4 32. Re7 Ba6 33. Nd4 Rg5+ 34. Kf2 Re5 35. Rxe5 Bxe5 36. Nc6 Bf6 37. Rxd5 Bc4 38. Rd6 Kf7 39. b3 Be6 40. Nd8+ Bxd8 41. Rxd8 h5 42. Rh8 Kg7 43. Ra8 h4 44. Rxa7+ Kf6 45. Rb7 g5 46. Rxb6 g4 47. c4 Ke5 48. Rxe6+ Kxe6 49. b4 Ke5 50. c5 Kf4 51. c6 h3 52. c7 g3+ 53. Kg1 Kf3 54. c8Q 1-0

[Event "Rijeka Paris Memorial 38th"]
[Site "Rijeka"]
[Date "2017.11.05"]
[Round "3"]
[White "Dasic, Jelena"]
[Black "Dizdarevic, Mirsad"]
[Result "1-0"]
[WhiteElo "1870"]
[BlackElo "1818"]
[PlyCount "45"]
[EventDate "2017.11.04"]
[EventType "swiss"]
[EventRounds "9"]
[EventCountry "CRO"]
[SourceTitle "CBM 181 Extra"]
[Source "ChessBase"]
[SourceDate "2017.12.12"]
[SourceVersion "1"]
[SourceVersionDate "2017.12.12"]
[SourceQuality "1"]

1. Nf3 Nf6 2. d4 d5 3. c4 e6 4. Nc3 c6 5. e3 Bd6 6. Bd2 Nbd7 7. Qc2 e5 8. dxe5 Nxe5 9. Nxe5 Bxe5 10. Bd3 h6 11. cxd5 Nxd5 12. Ne4 Qb6 13. 0-0 Qxb2 14. Nd6+ Kf8 15. Qxb2 Bxb2 16. Rab1 Ba3 17. Nxc8 Rxc8 18. Rxb7 Bc5 19. Rc1 Bb6 20. Bc4 Ne7 21. Bc3 Nd5 22. Bxd5 cxd5 23. Bb4+ 1-0

[Event "CRO-chT3 West"]
[Site "Croatia"]
[Date "2017.03.26"]
[Round "2.5"]
[White "Dizdarevic, Mirsad"]
[Black "Topic, Joso1111"]
[Result "1-0"]
[WhiteElo "1841"]
[BlackElo "1655"]
[PlyCount "133"]
[EventDate "2017.03.25"]
[EventType "team-tourn"]
[EventRounds "9"]
[EventCountry "CRO"]
[SourceTitle "EXT 2019"]
[Source "ChessBase"]
[SourceDate "2018.10.10"]
[SourceVersion "1"]
[SourceVersionDate "2018.10.10"]
[SourceQuality "1"]

1. d4 d5 2. Nf3 Nf6 3. g3 g6 4. Bg2 Bg7 5. 0-0 0-0 6. Bf4 Nbd7 7. Nc3 c6 8. Ne5 Nh5 9. Nxd7 Bxd7 10. Be3 h6 11. f3 Qc8 12. Qd2 Kh7 13. Bf2 Bh3 14. e4 Bxg2 15. Kxg2 dxe4 16. Nxe4 Rd8 17. Qb4 Bf8 18. Qc4 e6 19. c3 Bg7 20. Rfe1 b6 21. Rad1 Rd5 22. Be3 Qd7 23. Qe2 Rd8 24. Nf2 Qb7 25. h4 Qc7 26. f4 c5 27. dxc5 bxc5 28. Rxd5 Rxd5 29. Qf3 Qa5 30. a3 Qb5 31. Re2 a5 32. Bc1 Qd7 33. Be3 f5 34. Bc1 e5 35. Rc2 exf4 36. Bxf4 Nxf4+ 37. Qxf4 Be5 38. Qe3 Qb7 39. Qf3 Qd7 40. Re2 Bg7 41. Kf1 Be5 42. c4 Rd1+ 43. Nxd1 Qxd1+ 44. Kg2 Qd4 45. Qd5 Bg7 46. Qxd4 Bxd4 47. Re7+ Kg8 48. b3 Bb2 49. a4 Bc3 50. Rb7 g5 51. Kf3 gxh4 52. gxh4 h5 53. Kf4 Be1 54. Kxf5 Bxh4 55. Kg6 Kf8 56. Kxh5 Be1 57. Kg6 Ke8 58. Kf6 Kd8 59. Ke6 Kc8 60. Rh7 Bc3 61. Kd6 Bb4 62. Rc7+ Kb8 63. Kc6 Ba3 64. Kb6 Bb4 65. Rxc5 Bxc5+ 66. Kxc5 Ka7 67. Kb5 1-0

[Event "Mediterranean op 9th"]
[Site "Rijeka"]
[Date "2017.02.12"]
[Round "3"]
[White "Vujnovic, Patricija"]
[Black "Dizdarevic, Mirsad"]
[Result "1-0"]
[WhiteElo "2118"]
[BlackElo "1834"]
[PlyCount "65"]
[EventDate "2017.02.11"]
[EventType "swiss"]
[EventRounds "9"]
[EventCountry "CRO"]
[SourceTitle "CBM 177 Extra"]
[Source "ChessBase"]
[SourceDate "2017.04.27"]
[SourceVersion "1"]
[SourceVersionDate "2017.04.27"]
[SourceQuality "1"]

1. d4 d5 2. Bf4 e6 3. e3 Bd6 4. Bg3 Nf6 5. Nd2 0-0 6. Ngf3 c5 7. c3 Nc6 8. Bd3 cxd4 9. exd4 Ng4 10. Bxd6 Qxd6 11. Bxh7+ Kh8 12. h3 Nxf2 13. Kxf2 Kxh7 14. Ng5+ Kg8 15. Qh5 Qf4+ 16. Ke2 Qf5 17. Rhf1 Qg6 18. Qxg6 fxg6 19. Rxf8+ Kxf8 20. Rf1+ Kg8 21. Rf7 Nd8 22. Rc7 Nc6 23. Ndf3 Kf8 24. Rf7+ Kg8 25. Nh4 b6 26. Nxg6 Ba6+ 27. Kd2 Bb5 28. b3 a5 29. a4 Ba6 30. Rc7 Rc8 31. Nxe6 Rxc7 32. Nxc7 Bf1 33. Nxd5 1-0

[Event "Mediterranean op 7th"]
[Site "Rijeka"]
[Date "2014.11.13"]
[Round "7"]
[White "Dizdarevic, Mirsad"]
[Black "Beljan, Mladen"]
[Result "1/2-1/2"]
[WhiteElo "1846"]
[BlackElo "1800"]
[PlyCount "145"]
[EventDate "2014.11.08"]
[EventType "swiss"]
[EventRounds "9"]
[EventCountry "CRO"]
[SourceTitle "CBM 163 Extra"]
[Source "ChessBase"]
[SourceDate "2014.12.23"]
[SourceVersion "1"]
[SourceVersionDate "2014.12.23"]
[SourceQuality "1"]

1. d4 Nf6 2. Nf3 d5 3. g3 c6 4. Bg2 g6 5. 0-0 Bg7 6. Re1 0-0 7. Nbd2 Re8 8. c3 Nbd7 9. e4 Nxe4 10. Nxe4 dxe4 11. Rxe4 Nf6 12. Re1 Nd5 13. Ne5 Be6 14. Nd3 Bc8 15. Nf4 Nb6 16. a4 e5 17. dxe5 Qxd1 18. Rxd1 Nc4 19. b3 Nxe5 20. f3 Bf5 21. Ra2 Rad8 22. Rad2 Rxd2 23. Rxd2 Nxf3+ 24. Bxf3 Re1+ 25. Kg2 Rxc1 26. Rd8+ Bf8 27. g4 Bc2 28. Nd3 Rb1 29. Nc5 Kg7 30. Nxb7 Rxb3 31. Bxc6 Rxc3 32. Bd5 Bb3 33. a5 a6 34. Bxb3 Rxb3 35. Rd7 Re3 36. Nd6 Bxd6 37. Rxd6 Re6 38. Rd3 Re5 39. Ra3 h5 40. h3 Kf6 41. Kg3 Ke6 42. Kf4 Rb5 43. gxh5 Rxh5 44. Kg4 Rb5 45. Ra4 f6 46. Re4+ Kd5 47. Rf4 Ke5 48. Ra4 Rd5 49. Ra1 Rd4+ 50. Kg3 g5 51. Re1+ Re4 52. Rc1 Ra4 53. Rc5+ Kd6 54. Rf5 Ke6 55. Rc5 Kf7 56. Rd5 Kg6 57. Rc5 Ra3+ 58. Kg2 Ra1 59. Kg3 Ra4 60. Rd5 Kh5 61. Rd6 Rxa5 62. Rxf6 Ra3+ 63. Kg2 a5 64. Re6 a4 65. Ra6 Ra2+ 66. Kg3 a3 67. Kf3 Ra1 68. Kg2 a2 69. Kh2 g4 70. Ra5+ Kh4 71. Ra4 Kh5 72. hxg4+ Kg5 73. Kg2 1/2-1/2

[Event "Mediterranean op 7th"]
[Site "Rijeka"]
[Date "2014.11.09"]
[Round "3"]
[White "Dizdarevic, Mirsad"]
[Black "Levar, Nenad"]
[Result "0-1"]
[WhiteElo "1846"]
[BlackElo "2099"]
[PlyCount "88"]
[EventDate "2014.11.08"]
[EventType "swiss"]
[EventRounds "9"]
[EventCountry "CRO"]
[SourceTitle "CBM 163 Extra"]
[Source "ChessBase"]
[SourceDate "2014.12.23"]
[SourceVersion "1"]
[SourceVersionDate "2014.12.23"]
[SourceQuality "1"]

1. d4 d5 2. Nf3 Nf6 3. g3 g6 4. Bg2 Bg7 5. 0-0 0-0 6. Nc3 c6 7. Ne5 Nbd7 8. Bf4 Nh5 9. Nxd7 Qxd7 10. Qd2 Nxf4 11. Qxf4 Qf5 12. Qd2 Rd8 13. e3 e5 14. Ne2 e4 15. f3 exf3 16. Rxf3 Qg5 17. Raf1 Rf8 18. h3 Qh6 19. g4 f5 20. gxf5 Bxf5 21. Kh2 Rfe8 22. Ng3 Be6 23. c3 Bf8 24. Ne2 Bd6+ 25. Kg1 Bf5 26. Nf4 Re7 27. Qf2 Rae8 28. Rg3 Kh8 29. e4 Bxf4 30. Qxf4 Qxf4 31. Rxf4 Bxe4 32. Bxe4 Rxe4 33. Rxe4 Rxe4 34. Kf2 Kg7 35. Rf3 Re6 36. Rd3 g5 37. a4 b6 38. b3 h5 39. Kg3 Re2 40. c4 Kg6 41. cxd5 cxd5 42. h4 g4 43. Kf4 Re4+ 44. Kg3 Kf5 0-1

[Event "Mediterranean op 7th"]
[Site "Rijeka"]
[Date "2014.11.09"]
[Round "2"]
[White "Troselj, Ivan"]
[Black "Dizdarevic, Mirsad"]
[Result "0-1"]
[WhiteElo "1429"]
[BlackElo "1846"]
[PlyCount "64"]
[EventDate "2014.11.08"]
[EventType "swiss"]
[EventRounds "9"]
[EventCountry "CRO"]
[SourceTitle "CBM 163 Extra"]
[Source "ChessBase"]
[SourceDate "2014.12.23"]
[SourceVersion "1"]
[SourceVersionDate "2014.12.23"]
[SourceQuality "1"]

1. e4 e5 2. Nf3 Nc6 3. Nc3 Nf6 4. d4 exd4 5. Nxd4 Nxd4 6. Qxd4 d6 7. Bg5 Be7 8. Bc4 0-0 9. 0-0 b6 10. Rad1 Bg4 11. f3 Bh5 12. e5 d5 13. exf6 Bc5 14. fxg7 Qxg5 15. gxf8Q+ Rxf8 16. Qxc5 bxc5 17. Rxd5 Qh6 18. Ne4 Bg6 19. Nf6+ Kh8 20. Ng4 Qf4 21. Bb3 c6 22. g3 Qc7 23. Rxc5 Qb6 24. Nf6 Qxc5+ 25. Kg2 Qd4 26. Ng4 Qxb2 27. Re1 Qc3 28. Re7 Bxc2 29. Bxf7 Qd2+ 30. Kg1 Qc3 31. Rd7 Bf5 32. Rb7 Qxf3 0-1

[Event "Mediterranean op 7th"]
[Site "Rijeka"]
[Date "2014.11.08"]
[Round "1"]
[White "Dizdarevic, Mirsad"]
[Black "Fucak, Emilijo"]
[Result "0-1"]
[WhiteElo "1846"]
[BlackElo "2251"]
[PlyCount "34"]
[EventDate "2014.11.08"]
[EventType "swiss"]
[EventRounds "9"]
[EventCountry "CRO"]
[SourceTitle "CBM 163 Extra"]
[Source "ChessBase"]
[SourceDate "2014.12.23"]
[SourceVersion "1"]
[SourceVersionDate "2014.12.23"]
[SourceQuality "1"]

1. d4 Nf6 2. Nf3 e6 3. g3 b6 4. Bg2 Bb7 5. 0-0 Be7 6. c4 0-0 7. Nc3 Ne4 8. Qd3 Nxc3 9. bxc3 g6 10. Bh6 Re8 11. Ne5 Bxg2 12. Kxg2 Nc6 13. f4 Bf8 14. Bxf8 Rxf8 15. Qe4 Na5 16. d5 d6 17. Ng4 f5 0-1

[Event "Rijeka Liburnija op 05"]
[Site "Rijeka"]
[Date "2014.05.20"]
[Round "1"]
[White "Doric, Nenad"]
[Black "Dizdarevic, Mirsad"]
[Result "1-0"]
[WhiteElo "2290"]
[BlackElo "1863"]
[PlyCount "112"]
[EventDate "2014.05.20"]
[EventType "swiss"]
[EventRounds "9"]
[EventCountry "CRO"]
[SourceTitle "CBM 160 Extra"]
[Source "ChessBase"]
[SourceDate "2014.07.01"]
[SourceVersion "1"]
[SourceVersionDate "2014.07.01"]
[SourceQuality "1"]

1. e4 e5 2. Nf3 Nc6 3. Nc3 Be7 4. Bb5 d6 5. d4 exd4 6. Nxd4 Bd7 7. Bxc6 bxc6 8. 0-0 Nf6 9. Bf4 0-0 10. e5 Ne8 11. Re1 dxe5 12. Bxe5 Bd6 13. Qf3 Rb8 14. b3 c5 15. Nc6 Bxc6 16. Qxc6 Bxe5 17. Rxe5 Qd2 18. Qxc5 Qxc2 19. Na4 Qxc5 20. Rxc5 f6 21. Ra5 Ra8 22. Rc1 Rf7 23. Nc5 Re7 24. Kf1 Kf7 25. Re1 Rxe1+ 26. Kxe1 Ke7 27. Kd2 Kd6 28. Kc3 Kc6 29. b4 Kd6 30. Ra6+ c6 31. Nb7+ Kc7 32. Na5 Nd6 33. Rxc6+ Kd7 34. f3 Re8 35. Kd3 Re7 36. Ra6 Nc8 37. Nc6 Re6 38. Nb8+ Ke7 39. Rxe6+ Kxe6 40. Kd4 Kd6 41. b5 Kc7 42. Nc6 a6 43. a4 axb5 44. axb5 Kb6 45. Kd5 Kxb5 46. Nd4+ Kb4 47. Ke6 Kc4 48. Nf5 g6 49. Ne7 Nxe7 50. Kxe7 f5 51. Kf6 Kd4 52. f4 Ke4 53. g3 Kf3 54. Kg7 Kg4 55. Kh6 Kh3 56. Kxh7 Kxh2 1-0

[Event "Rijeka Liburnija op"]
[Site "Rijeka"]
[Date "2014.01.24"]
[Round "9"]
[White "Cucancic, Sinisa"]
[Black "Dizdarevic, Mirsad"]
[Result "1-0"]
[WhiteElo "2266"]
[BlackElo "1857"]
[PlyCount "35"]
[EventDate "2014.01.17"]
[EventType "swiss"]
[EventRounds "9"]
[EventCountry "CRO"]
[SourceTitle "CBM 158 Extra"]
[Source "ChessBase"]
[SourceDate "2014.02.28"]
[SourceVersion "1"]
[SourceVersionDate "2014.02.28"]
[SourceQuality "1"]

1. e4 e6 2. d4 c5 3. Nf3 Nf6 4. e5 Nd5 5. c4 Nb6 6. Bg5 Be7 7. Bxe7 Qxe7 8. Nc3 a6 9. Ne4 0-0 10. dxc5 Nc6 11. cxb6 Qb4+ 12. Qd2 Qxb6 13. Be2 Qc7 14. Nd6 f6 15. exf6 Rxf6 16. 0-0 b6 17. Rad1 Rb8 18. Ne8 1-0

[Event "Rijeka Liburnija op"]
[Site "Rijeka"]
[Date "2014.01.21"]
[Round "6"]
[White "Dizdarevic, Mirsad"]
[Black "Batory, Drazen"]
[Result "1-0"]
[WhiteElo "1857"]
[BlackElo "1548"]
[PlyCount "77"]
[EventDate "2014.01.17"]
[EventType "swiss"]
[EventRounds "9"]
[EventCountry "CRO"]
[SourceTitle "CBM 158 Extra"]
[Source "ChessBase"]
[SourceDate "2014.02.28"]
[SourceVersion "1"]
[SourceVersionDate "2014.02.28"]
[SourceQuality "1"]

1. d4 d5 2. Nf3 Nf6 3. g3 c6 4. Bg2 Bg4 5. 0-0 Nbd7 6. Re1 e6 7. Nbd2 Bd6 8. e4 e5 9. c3 0-0 10. Qc2 dxe4 11. Nxe4 Nxe4 12. Qxe4 Nf6 13. Qc2 Bxf3 14. Bxf3 exd4 15. cxd4 Bc7 16. Be3 Re8 17. Rad1 Nd5 18. Kg2 Qd7 19. a3 Re7 20. Qb3 Bb6 21. Bxd5 Qxd5+ 22. Qxd5 cxd5 23. Rc1 Rae8 24. Kf1 Re4 25. f3 R4e6 26. Bf2 Rxe1+ 27. Rxe1 Rxe1+ 28. Kxe1 f5 29. Kd2 Kf7 30. Kc3 Ke6 31. Kb4 Kd6 32. a4 Bc7 33. Be3 h6 34. Bf4+ Kc6 35. Bxc7 Kxc7 36. Kc5 g5 37. Kxd5 h5 38. Ke5 g4 39. f4 1-0

[Event "Rijeka Liburnija op"]
[Site "Rijeka"]
[Date "2014.01.19"]
[Round "4"]
[White "Dizdarevic, Mirsad"]
[Black "Bahtovic, Dzemal"]
[Result "1-0"]
[WhiteElo "1857"]
[BlackElo "2000"]
[PlyCount "81"]
[EventDate "2014.01.17"]
[EventType "swiss"]
[EventRounds "9"]
[EventCountry "CRO"]
[SourceTitle "CBM 158 Extra"]
[Source "ChessBase"]
[SourceDate "2014.02.28"]
[SourceVersion "1"]
[SourceVersionDate "2014.02.28"]
[SourceQuality "1"]

1. d4 e6 2. Nf3 d6 3. g3 h6 4. Bg2 g5 5. Nc3 c6 6. e4 Bg7 7. Be3 Nf6 8. Qd2 Nh7 9. 0-0-0 0-0 10. h3 b5 11. Nh2 b4 12. Ne2 a5 13. f4 f6 14. h4 Qe7 15. hxg5 fxg5 16. Ng4 Rf6 17. Nxf6+ Qxf6 18. e5 Qd8 19. Be4 dxe5 20. Bxh7+ Kxh7 21. fxg5 Ba6 22. gxh6 Bf6 23. dxe5 Qxd2+ 24. Rxd2 Bxe5 25. Nf4 Bc4 26. b3 Bd5 27. Nxd5 cxd5 28. g4 a4 29. Rf1 Nc6 30. Re2 axb3 31. cxb3 Bc3 32. Kb1 Rg8 33. g5 d4 34. Bc1 e5 35. Rf7+ Kh8 36. h7 Rg6 37. Rh2 Rg8 38. hxg8Q+ Kxg8 39. g6 d3 40. Bh6 e4 41. Rf8# 1-0

[Event "Rijeka Liburnija op"]
[Site "Rijeka"]
[Date "2014.01.17"]
[Round "1"]
[White "Loncar, Robert"]
[Black "Dizdarevic, Mirsad"]
[Result "1-0"]
[WhiteElo "2361"]
[BlackElo "1857"]
[PlyCount "83"]
[EventDate "2014.01.17"]
[EventType "swiss"]
[EventRounds "9"]
[EventCountry "CRO"]
[SourceTitle "CBM 158 Extra"]
[Source "ChessBase"]
[SourceDate "2014.02.28"]
[SourceVersion "1"]
[SourceVersionDate "2014.02.28"]
[SourceQuality "1"]

1. d4 d5 2. c4 e6 3. Nf3 Nf6 4. Bg5 Be7 5. Nc3 c6 6. e3 0-0 7. Qc2 Nbd7 8. Bd3 h6 9. Bh4 b6 10. 0-0 Bb7 11. Rad1 Rc8 12. cxd5 Nxd5 13. Bxe7 Qxe7 14. Qd2 Rfd8 15. e4 Nxc3 16. bxc3 c5 17. Rfe1 cxd4 18. cxd4 e5 19. d5 Rc5 20. g3 Kh7 21. Nh4 g6 22. Ng2 g5 23. Ne3 Rdc8 24. Bf1 Qd6 25. Bh3 Re8 26. Nf5 Qf6 27. Bg4 Nf8 28. Ne3 Bc8 29. Rc1 Bxg4 30. Nxg4 Qe7 31. Rxc5 bxc5 32. Qe2 Ng6 33. Rc1 Qd6 34. Qf3 Kg7 35. Qa3 Rc8 36. Ne3 Qb6 37. d6 Qc6 38. Nf5+ Kf6 39. Qf3 Ke6 40. Nxh6 Kxd6 41. Qxf7 Qxe4 42. Nf5+ 1-0

[Event "Mediterranean op 6th"]
[Site "Rijeka"]
[Date "2013.12.06"]
[Round "8"]
[White "Rakita, Risto"]
[Black "Dizdarevic, Mirsad"]
[Result "0-1"]
[WhiteElo "1597"]
[BlackElo "1862"]
[PlyCount "52"]
[EventDate "2013.11.30"]
[EventType "swiss"]
[EventRounds "9"]
[EventCountry "CRO"]
[SourceTitle "CBM 157 Extra"]
[Source "ChessBase"]
[SourceDate "2013.12.19"]
[SourceVersion "1"]
[SourceVersionDate "2013.12.19"]
[SourceQuality "1"]

1. e4 e5 2. Nf3 Nc6 3. c3 Nf6 4. d3 Be7 5. h3 0-0 6. Be3 d5 7. Qc2 b6 8. Nbd2 Bb7 9. 0-0-0 Qd6 10. Bg5 Nd7 11. Bxe7 Nxe7 12. d4 c5 13. dxe5 Nxe5 14. exd5 Nxd5 15. Nxe5 Qxe5 16. Bd3 Nf6 17. Rhe1 Qc7 18. g4 g6 19. Kb1 Rfe8 20. Ne4 Qf4 21. Nxf6+ Qxf6 22. b3 Rad8 23. Rxe8+ Rxe8 24. Qd2 Rd8 25. Qe1 Bf3 26. Be2 Re8 0-1

[Event "Mediterranean op 6th"]
[Site "Rijeka"]
[Date "2013.12.05"]
[Round "7"]
[White "Dizdarevic, Mirsad"]
[Black "Monjac, Mislav"]
[Result "0-1"]
[WhiteElo "1862"]
[BlackElo "2158"]
[PlyCount "112"]
[EventDate "2013.11.30"]
[EventType "swiss"]
[EventRounds "9"]
[EventCountry "CRO"]
[SourceTitle "CBM 157 Extra"]
[Source "ChessBase"]
[SourceDate "2013.12.19"]
[SourceVersion "1"]
[SourceVersionDate "2013.12.19"]
[SourceQuality "1"]

1. d4 Nf6 2. Nf3 e6 3. g3 b6 4. Bg2 Bb7 5. 0-0 c5 6. e3 d6 7. b3 Nbd7 8. Bb2 Be7 9. Nbd2 0-0 10. c4 Qc7 11. Rc1 Rac8 12. Re1 a6 13. e4 cxd4 14. Nxd4 Rfd8 15. Kh1 Qb8 16. Qe2 Nc5 17. f3 Qa8 18. a3 Bf8 19. Nc2 Ncd7 20. Nb4 h6 21. Nf1 Be7 22. Ne3 Nc5 23. Rc3 Nfd7 24. Rb1 Ne5 25. Rc2 Ng6 26. Bd4 Qb8 27. Nd3 Bg5 28. f4 Be7 29. Nxc5 bxc5 30. Ba1 Qc7 31. Ng4 Bf8 32. f5 exf5 33. exf5 Re8 34. Qf2 Ne5 35. Nxe5 dxe5 36. Re1 Bxg2+ 37. Qxg2 Rcd8 38. Qe4 f6 39. Kg2 Rd7 40. Bc3 Red8 41. Ree2 Qb6 42. Rb2 Rd3 43. Re3 Rd1 44. b4 cxb4 45. axb4 Qc7 46. Kh3 Qf7 47. Ree2 R8d3 48. Rbd2 R1xd2 49. Bxd2 Rd4 50. Qf3 Qxc4 51. Rf2 e4 52. Qa3 Rd3 53. Qa5 e3 54. Rf4 Qxf4 55. Qa2+ Kh7 56. gxf4 exd2+ 0-1

[Event "Mediterranean op 6th"]
[Site "Rijeka"]
[Date "2013.12.04"]
[Round "6"]
[White "Gradiser, Dragoljub"]
[Black "Dizdarevic, Mirsad"]
[Result "1/2-1/2"]
[WhiteElo "1956"]
[BlackElo "1862"]
[PlyCount "98"]
[EventDate "2013.11.30"]
[EventType "swiss"]
[EventRounds "9"]
[EventCountry "CRO"]
[SourceTitle "CBM 157 Extra"]
[Source "ChessBase"]
[SourceDate "2013.12.19"]
[SourceVersion "1"]
[SourceVersionDate "2013.12.19"]
[SourceQuality "1"]

1. e4 e5 2. Nf3 Nc6 3. Bb5 a6 4. Ba4 Nf6 5. d3 Bc5 6. c3 b5 7. Bc2 0-0 8. 0-0 d5 9. exd5 Qxd5 10. h3 Bb7 11. Re1 Rad8 12. Bg5 Be7 13. Qe2 Rfe8 14. Nbd2 Nd7 15. Ne4 Nc5 16. Nxc5 Qxc5 17. Be3 Qd6 18. b4 Bf6 19. Rad1 Nd4 20. Bxd4 Bxf3 21. Qxf3 exd4 22. Rxe8+ Rxe8 23. cxd4 Bxd4 24. Bb3 Rf8 25. Rc1 Qxb4 26. g3 Bb6 27. Kf1 Qd4 28. Re1 Qd7 29. Kg2 h6 30. Re4 Qc6 31. Qf5 g6 32. Qf3 Kg7 33. h4 h5 34. d4 Qd6 35. Rf4 Qd7 36. d5 Qd6 37. g4 hxg4 38. Rxg4 Rh8 39. Rf4 f6 40. Re4 f5 41. Re6 Qb4 42. d6 Qxh4 43. Re7+ Kf6 44. Re6+ Kg5 45. Qg3+ Qxg3+ 46. fxg3 cxd6 47. Rxd6 Bc5 48. Rxa6 b4 49. Bf7 Rh6 1/2-1/2